Flughafencodes #6 - Statistiken

Allgemein
  • Dieses Quiz wurde 61 mal gespielt
  • Das Durchschnittsergebnis liegt bei 11 aus 15
Antwortstatistiken
Hint Antwort % Korrekt
Boston BOS
98%
Brüssel BRU
98%
Denver DEN
98%
Doha DOH
98%
Las Vegas LAS
96%
Dresden DRS
90%
New York City JFK
80%
Danzig GDN
78%
Dortmund DTM
76%
Marrakesch RAK
76%
Riad RUH
60%
Seoul ICN
56%
Guangzhou CAN
30%
Cancun CUN
30%
Buenos Aires EZE
30%
Keine übereinstimmenden Quizze gefunden
Verteilung der Resultate
Anzahl Personen mit jedem Resultat
Perzentil nach korrekt beantworteten Fragen
Ihre Resultats-Entwicklung
Sie haben dieses Quiz noch nicht gespielt